Africa Map Click Quiz in Chinese - Statistics

General Stats
  • This quiz has been taken 32 times
  • The average score is 37 of 54
Answers on the Map
Answers color-coded by a green-red scale on the quiz's map according to % correct below.
 
Answer Stats
Answer % Correct
Ā'ěrjílìyǎ
90%
Bócíwǎnà
90%
Lì bǐ yǎ
90%
Mǎdájiāsījiā
90%
Mòsāngbǐkè
90%
Nàmǐbǐyǎ
90%
Nán sūdān
90%
Túnísī
90%
Āngēlā
85%
Bèi níng
85%
Bù jī nà fǎ suǒ
85%
Èlìtèlǐyǎ
85%
Jíbùtí
85%
Láisuǒtuō
85%
Mǎ lā wéi
85%
Mǎlǐ
85%
Sūdān
85%
Suǒmǎlǐ
85%
Tǎnsāngníyǎ
85%
Zànbǐyǎ
85%
Bùlóngdí
80%
Gāngbǐyǎ
80%
Gāngguǒ gònghéguó
80%
Gāngguǒ mínzhǔ gònghéguó
80%
Kěnníyǎ
80%
Lìbǐlǐyǎ
80%
Máolǐtǎníyǎ
80%
Nírì'ěr
80%
Nírìlìyǎ
80%
Wūgāndá
80%
Lúwàngdá
75%
Shǐ wǎ dì ní
75%
Āijí
65%
Jǐnèiyǎ
65%
Duō gē
60%
Jiānà
60%
Jīnbābùwéi
60%
Máolǐqiúsī
60%
Zhàdé
60%
Jǐnèiyǎ bǐ shào
55%
Kāmàilóng
55%
Chìdào jǐnèiyǎ
50%
Kē mó luó
50%
Mónàgē
50%
Sāi shé ěr
50%
Shèng duō měihé pǔ lín xī bǐ
50%
Āisāi'ébǐyǎ
45%
Sàinèijiā'ěr
45%
Jiāpéng
35%
Nánfēi
35%
Zhōng fēi gònghéguó
35%
Sèlālì'áng
25%
Fú dé jiǎo
15%
Xiàngyá hǎi'àn
15%
No matching quizzes found
Score Distribution
Percent of People with Each Score
Percentile by Number Answered
Your Score History
You have not taken this quiz